LEADER 01152nam a2200277 i 4500 001 000000059133 003 CaOOAMICUS 005 20220419151211.0 008 000307s2000 it u000 u ita u 013 $a30305 020 $a88-394-0585-2 040 $aSeMil$bita 245 00$a24.1: Osea /$ctraduzione e commento di Jörg Jeremias ; traduzione italiana di Franco Ronchi. 264 3$aBrescia :$bPaideia,$c[2000] 300 $a276 p. ;$c21 cm 650 4$aBibbia. Antico Testamento. Osea - Commentari, studi, critica, interpretazioni.$0(OLS)http://semarc/subject/6990 700 1 $aRonchi, Franco.$0(OLS)http://semarc/name/944 700 1 $aJeremias, Jörg,$d<1939- >.$0(OLS)http://semarc/name/24104 773 0 $tAntico Testamento.$dBrescia : Paideia$g24.1$w()528 850 $aSeMil 852 $aSeMil$W1$xVenegono$y1$m2Z I 474/1$j228911$B25286$CSeMilBibl$Z2$F25289 $81 961 $aAcquisto: Mescat 996 $6020$a88-394-0585-2$9(OLS)http://semarc/number/295705 996 $6245$a24.1: Osea$9(OLS)http://semarc/title/92350 996 $6264$aBrescia :$bPaideia$9(OLS)http://semarc/publisher/29614 LEADER 01086nas a2200277 i 4500 001 000000182736 003 CaOOAMICUS 005 20091110000000.0 008 091029b2009 it uu u0 0ita r 013 $a160697 020 $a978-88-09-06461-4 040 $aSeMil$bita 100 1 $aVenturi, Riccardo.$0(OLS)http://semarc/name/42874 245 10$aCalder /$cRiccardo Venturi. 260 $aFirenze :$bGiunti,$c2009. 300 $a50 p. :$briccamente ill. ;$c29 cm. 500 $aContiene : Quadro cronologico ; Bibliografia. 600 14$aCalder, Alexander <1898-1976>.$0(OLS)http://semarc/subject/34552 773 0 $tArt dossier.$dFirenze : Giunti, 1986.$x0394-0179$w()17990 774 0 $t[vedi periodico].$w()271928 850 $aSeMil 852 $aSeMil$W1$xVenegono$y1$m186 6 100/260 A$j133440$B133440$CSeMilBibl$Z2$F145618 $85 961 $aOmaggio: Martinelli don Romano 996 $6020$a978-88-09-06461-4$9(OLS)http://semarc/number/172377 996 $6245$aCalder$9(OLS)http://semarc/title/262189 996 $6260$aFirenze :$bGiunti$9(OLS)http://semarc/publisher/30127